000 00632nam a2200217Ia 4500
003 IIN
005 20250325130303.0
008 250325s9999 xx adc 001 0 eng d
040 _aIIN
_bEnglish
082 _a611
_bCHA
100 1 _aSontakke, Yogesh
245 1 _aWorkbook of Human Anatomy (Vol.1)
_bUpper Limb Thorax
_cYogesh Sontakke; BD Chaurasia
246 _aBD Chaurasia's Human Anatomy
250 _a10th ed
260 _bCBS
_aNew Delhi
_c2025
300 _avi, 77 p. / V.1
_bcol. ill.
500 _aVol. 1: Upper Limb and Thorax
650 1 _aAnatomy
_xHuman Anatomy
700 _aChaurasia, BD
942 _cBOOK
999 _c1697
_d1697